Tanzanian journal of population studies and development.
Saved in:
| 企业作者: | |
|---|---|
| 格式: | 杂志 |
| 语言: | English |
| 出版: |
Dar es Salaam :
Demographic Training Unit, University of Dar es Salaam,
[1994-
|
| 主题: | |
| 标签: |
添加标签
没有标签, 成为第一个标记此记录!
|
| LEADER | 01683cas a2200481 a 4500 | ||
|---|---|---|---|
| 001 | 007726357-X | ||
| 005 | 20151104162334.0 | ||
| 008 | 980324c19949999tz fr p 0 0eng c | ||
| 010 | |a 98980498 | ||
| 015 | |a 019190662 |2 dnb | ||
| 016 | 7 | |a 1424701-X |2 DE-600 | |
| 022 | |a 0856-0226 |l 0856-0226 |2 17 |y 0856-0227 | ||
| 035 | 0 | |a ocm38838211 | |
| 040 | |a EEM |b eng |c EEM |d DLC |d HLS |d DLC |d SYS |d OCLCQ |d GBVCP |d OCLCF |d OCLCO |d HLS | ||
| 042 | |a pcc | ||
| 043 | |a f-tz--- |a f------ | ||
| 050 | 0 | 0 | |a HB3662.9.A3 |b T364 |
| 222 | 0 | |a Tanzanian journal of population studies and development | |
| 245 | 0 | 0 | |a Tanzanian journal of population studies and development. |
| 260 | |a Dar es Salaam : |b Demographic Training Unit, University of Dar es Salaam, |c [1994- | ||
| 300 | |a v. : |b maps ; |c 21-25 cm. | ||
| 310 | |a Semiannual | ||
| 362 | 0 | |a Vol. 1, no. 1 (1994)- | |
| 588 | |a Latest issue consulted: Vol. 21, no. 1 (2014). | ||
| 651 | 0 | |a Tanzania |x Population |v Periodicals. | |
| 651 | 0 | |a Africa |x Population |v Periodicals. | |
| 651 | 0 | |a Tanzania |x Population policy |v Periodicals. | |
| 651 | 0 | |a Africa |x Population policy |v Periodicals. | |
| 650 | 7 | |a Demographie |2 stw | |
| 650 | 7 | |a Tansania |2 stw | |
| 650 | 7 | |a Entwicklung |2 stw | |
| 650 | 7 | |a Sozialwissenschaft |2 stw | |
| 650 | 7 | |a Population. |2 fast | |
| 650 | 7 | |a Population policy. |2 fast | |
| 651 | 7 | |a Africa. |2 fast | |
| 651 | 7 | |a Tanzania. |2 fast | |
| 655 | 7 | |a Periodicals. |2 fast | |
| 710 | 2 | |a Chuo Kikuu cha Dar es Salaam. |b Demographic Training Unit. | |
| 776 | 0 | 8 | |i Online version: |t Tanzanian journal of population studies and development |w (OCoLC)609076553 |
| 899 | |a 415_565459 | ||
| 988 | |a 20020608 | ||
| 049 | |a HLSS | ||
| 906 | |0 OCLC | ||


